000 00295nam a2200121Ia 4500
999 _c5582
_d5582
008 200103s2007||||xx |||||||||||||| ||und||
020 _a9788181473325
100 _aMcGeorge, H. D.
245 0 _aMarine auxiliary machinery
260 _bElsevier
_c2007
_aNew Delhi
300 _a514p.
942 _cBK